[Event "45th FIDE Chess Olympiad Open"]
[Site "Budapest, Hungary"]
[Date "2024.09.13"]
[Round "3.72"]
[White "Tran, Tuan Minh"]
[Black "Zhalmakhanov, Ramazan"]
[Result "1-0"]
[WhiteElo "2434"]
[BlackElo "2497"]
[PlyCount "111"]
[EventDate "2024.??.??"]
[WhiteTeam "Vietnam"]
[BlackTeam "Kazakhstan"]
[WhiteTeamCountry "VIE"]
[BlackTeamCountry "KAZ"]
[WhiteClock "0:28:34"]
[BlackClock "0:17:40"]

1. d4 Nf6 2. c4 e6 3. Nf3 d5 4. Nc3 Nbd7 5. cxd5 exd5 6. Bf4 c6 7. h3 Ne4 8. Nxe4 dxe4 9. Nd2 g5 10. Bg3 e3 11. fxe3 Nf6 $146 ({RR} 11... Nb6 12. Qc2 Bb4 13. a3 Bxd2+ 14. Qxd2 Bf5 15. h4 g4 16. e4 Bxe4 17. Qf4 Qe7 18. Qxg4 h5 19. Qf4 Rg8 20. e3 Nd5 21. Qf2 O-O-O 22. O-O-O Rg6 23. Be5 f6 24. Bf4 b5 25. Rg1 b4 26. axb4 {Agdestein,S (2584)-Romanov,E (2555) Oslo NOR 2023 ½-½ (45)}) ({RR} 11... Nb6 12. Bf2 Bb4 13. a3 Bxd2+ 14. Qxd2 Bf5 15. e4 Bxe4 16. h4 g4 17. Qg5 Qxg5 18. hxg5 Rg8 19. Rh5 Nd5 20. e3 Bg6 21. Rh4 Bf5 22. Kd2 Rxg5 23. e4 Bxe4 24. Re1 f5 25. Rxh7 Kf8 26. Rxb7 {Hammer,J (2611)-Mitusov,S (2475) Storefjell NOR 2024 0-1 (35)}) 12. Qc2 Bd6 13. Bf2 Qa5 14. e4 Bb4 15. Rd1 Qxa2 16. e5 Bxd2+ 17. Rxd2 Qa1+ 18. Qd1 Qxd1+ 19. Rxd1 Ne4 20. h4 g4 21. g3 Be6 22. Bg2 Bd5 23. O-O O-O 24. Bxe4 Bxe4 25. Be3 h5 26. Bg5 f5 27. exf6 Rae8 28. Rf2 Rf7 29. Ra1 b5 30. Bd2 Re6 31. Bb4 Rexf6 32. Rxf6 Rxf6 33. Rxa7 Bd5 34. Be7 Rf7 35. Ra8+ Kg7 36. Re8 Bc4 37. Bc5 Kg6 38. Rg8+ Kh6 39. Rc8 Bxe2 40. Rxc6+ Kh7 41. d5 Bf3 42. Be3 Re7 43. Kf2 Rd7 44. Rh6+ Kg7 45. d6 Be4 46. Rxh5 Rxd6 47. Rxb5 Bf3 48. Bf4 Re6 49. Be5+ Kg6 50. Ke3 Rc6 51. Kd4 Be2 52. Rb8 Rc4+ 53. Kd5 Rc2 54. Rb6+ Kf7 55. h5 Bf3+ 56. Kd4 1-0

[Event "45th FIDE Chess Olympiad Open"]
[Site "Budapest, Hungary"]
[Date "2024.09.13"]
[Round "3.73"]
[White "Yilmaz, Mustafa"]
[Black "Gazik, Viktor"]
[Result "0-1"]
[WhiteElo "2587"]
[BlackElo "2561"]
[PlyCount "80"]
[EventDate "2024.??.??"]
[WhiteTeam "Turkiye"]
[BlackTeam "Slovakia"]
[BlackTeamCountry "SVK"]
[WhiteClock "0:00:34"]
[BlackClock "0:00:50"]

1. d4 {Marin,Mihail} Nf6 2. c4 e6 3. Nf3 Bb4+ 4. Nbd2 b6 5. a3 Bxd2+ 6. Qxd2 Bb7 7. e3 O-O 8. Be2 d5 9. O-O Nbd7 10. b3 c5 11. Bb2 Rc8 12. Rac1 Qe7 ({RR} 12... Ne4 13. Qc2 dxc4 14. bxc4 Nd6 15. Rfd1 Qe7 16. Ne5 Nxe5 17. dxe5 Nf5 18. Bd3 Qg5 19. f4 Qg4 20. Bxf5 Qxf5 21. Qxf5 exf5 22. Rd7 Rb8 23. Rcd1 Bc8 24. Rxa7 Be6 25. Kf2 Bxc4 26. g4 Be6 27. e4 {Sarana,A (2654)-Giri,A (2764) Chess.com INT 2020 1-0 (37)}) 13. Rfd1 Rfd8 14. a4 $146 ({RR} 14. Qe1 h6 15. dxc5 Nxc5 16. b4 Nce4 17. Ne5 dxc4 18. Nxc4 Rxd1 19. Rxd1 Bd5 20. Rc1 Bxc4 21. Bxc4 Rd8 22. f3 Nd6 23. Bb3 Nf5 24. e4 ({RR} 24. g4 Nd6 25. e4) 24... Nd4 25. e5 Nxb3 26. exf6 Qd6 27. Rc3 Qd1 28. Re3 Qxe1+ {Gledura,B (2513)-Kasimdzhanov,R (2704) Budapest 2015 CBM 168 Extra [Marin,Mihail] 0-1 (52)}) ({RR} 14. Qe1 h6 15. h3 Ne4 16. dxc5 Ndxc5 17. cxd5 Bxd5 18. b4 Nb7 19. Ne5 Nf6 20. f3 Nd6 21. e4 Bb7 22. b5 Nfe8 23. Nc6 Bxc6 24. bxc6 Nc7 25. Qb4 Kf8 26. a4 Nde8 27. Qxe7+ Kxe7 28. Ba3+ Kf6 {Tarjan,J (2376)-Luchan,J (2073) Orlando 2019 1-0}) ({RR} 14. b4 dxc4 15. bxc5 bxc5 16. Bxc4 Bxf3 17. gxf3 Ne5 18. Qe2 {½-½ (18) Ragger,M (2639)-Rozentalis,E (2603) Warsaw 2014}) 14... cxd4 15. exd4 a5 16. Qe1 dxc4 17. bxc4 Bc6 18. Rd3 Bxa4 19. Ba3 Qe8 20. Re3 Ng4 21. Rec3 Ngf6 22. Re3 Ng4 23. Rec3 Ngf6 24. h3 Nf8 25. Re3 b5 26. d5 bxc4 27. dxe6 Nxe6 28. Bxc4 Rxc4 29. Rxc4 Rd1 30. Qxd1 Bxd1 31. Rec3 Qb5 32. Rc8+ Ne8 33. Ne5 f6 34. Nc6 Bh5 35. Rb8 Qa4 36. Ne7+ Kh8 37. g4 Bf7 38. Nf5 Qd1+ 39. Kh2 Qd2 40. Rf3 Ng5 0-1

[Event "45th FIDE Chess Olympiad Open"]
[Site "Budapest, Hungary"]
[Date "2024.09.13"]
[Round "3.74"]
[White "Haring, Filip"]
[Black "Gurel, Ediz"]
[Result "0-1"]
[WhiteElo "2503"]
[BlackElo "2602"]
[PlyCount "50"]
[EventDate "2024.??.??"]
[WhiteTeam "Slovakia"]
[BlackTeam "Turkiye"]
[WhiteTeamCountry "SVK"]
[WhiteClock "0:01:35"]
[BlackClock "0:20:52"]

1. e4 c5 2. Nf3 d6 3. Bc4 Nf6 4. d3 e6 5. c3 Be7 6. O-O O-O 7. Bb3 Nc6 8. Re1 b5 9. d4 Bb7 10. Nbd2 cxd4 ({RR} 10... Rc8 11. h3 h6 12. Nf1 e5 13. d5 Na5 14. Bc2 b4 15. g4 Nd7 16. Ng3 bxc3 17. bxc3 c4 18. Nf5 Nc5 19. h4 Ba6 20. Bxh6 gxh6 21. Qd2 Re8 22. Qxh6 Bf8 23. Qh5 Qf6 24. g5 Qg6 25. Qg4 {Carlsen,M (2839)-Shevchenko,K (2671) chess.com INT 2023 1-0 (41)}) 11. cxd4 Nb4 ({RR} 11... a5 12. Bc2 Qc7 13. Bb1 Rfc8 14. a3 a4 15. b4 axb3 16. Nxb3 d5 17. e5 Ne4 18. Bxe4 dxe4 19. Ng5 Na5 20. Nxa5 Qxa5 21. Nxe4 b4 22. Bg5 Bxg5 23. Nxg5 h6 24. Nh3 bxa3 25. Nf4 Qa4 26. Qd3 {David,A (2506)-Juhasz,A (2410) Apolda GER 2024 ½-½ (52)}) 12. Qe2 Qc7 $146 ({RR} 12... Qb6 13. a3 Nc6 14. e5 dxe5 15. dxe5 Ng4 16. Nf1 Bc5 17. Be3 Bxe3 18. Nxe3 Ngxe5 19. Nxe5 Nxe5 20. Nd5 Bxd5 21. Bxd5 Rad8 22. Qxe5 Rxd5 23. Qe3 Qxe3 24. Rxe3 Rc8 25. h4 a5 26. g3 Rc2 27. Rc3 {Mazur,S (2426)-Repka,C (2482) Ruzomberok 2019 0-1 (76)}) ({RR} 12... Qb6 13. a3 Nc6 14. Qd3 e5 15. d5 Na5 16. Ba2 b4 17. Nc4 Nxc4 18. Bxc4 Ng4 19. Rf1 bxa3 20. Rxa3 Rfc8 21. b3 a5 22. h3 Nf6 23. Be3 Qd8 24. Rfa1 Nd7 25. Bd2 Rc5 26. Bb5 f5 27. Bxa5 {Munoz,F (2307)-Acosta,P (2326) Buenos Aires 2015 ½-½ (39)}) 13. e5 dxe5 14. dxe5 Nd7 15. Ne4 a5 16. a3 Bxe4 17. axb4 Bxf3 18. Qxf3 Bxb4 19. Re4 Rac8 20. Bg5 Nxe5 21. Qe2 Nd7 22. Rg4 Qe5 23. Be3 Bc5 24. Rg5 Qf6 25. Rd1 h6 0-1

[Event "45th FIDE Chess Olympiad Open"]
[Site "Budapest, Hungary"]
[Date "2024.09.13"]
[Round "3.75"]
[White "Erdogmus, Yagiz Kaan"]
[Black "Druska, Juraj"]
[Result "1-0"]
[WhiteElo "2592"]
[BlackElo "2441"]
[PlyCount "73"]
[EventDate "2024.??.??"]
[WhiteTeam "Turkiye"]
[BlackTeam "Slovakia"]
[BlackTeamCountry "SVK"]
[WhiteClock "0:03:20"]
[BlackClock "0:01:25"]

1. d4 Nf6 2. c4 e6 3. Nc3 Bb4 4. f3 O-O 5. e4 Ne8 ({RR} 5... c5 6. a3 Bxc3+ 7. bxc3 Nc6 8. e5 Ne8 9. f4 cxd4 10. cxd4 d5 11. Nf3 dxc4 12. Bxc4 b5 13. Bd3 h6 14. Bb2 Bb7 15. O-O Nc7 16. f5 exf5 17. Bxf5 Ne7 18. Bc2 Ne6 19. Qd3 g6 20. Qd2 {Sevian,S (2660)-Sarana,A (2654) Chess.com INT 2020 1-0 (42)}) ({RR} 5... Bxc3+ 6. bxc3 d6 7. Bd3 e5 8. Ne2 Nc6 9. Bg5 h6 10. Bh4 g5 11. Bf2 Kg7 12. c5 dxc5 13. d5 Ne7 14. Bxc5 Nd7 15. Ba3 c6 16. O-O Re8 17. c4 cxd5 18. cxd5 b6 19. Rc1 Bb7 20. Ng3 {Howell,D (2675)-Senthilkumar,P (1854) chess.com INT 2024 1-0 (48)}) 6. Bd3 f5 7. Nge2 $146 ({RR} 7. Be3 Qh4+ 8. g3 Qh5 9. f4 Qxd1+ 10. Rxd1 fxe4 11. Bxe4 Nd6 12. Bd3 b5 13. Nf3 Bb7 14. O-O Bxf3 15. Rxf3 bxc4 16. Bf1 Bxc3 17. bxc3 Rf5 18. Bg2 Na6 19. g4 Ra5 20. Rf2 Re8 21. d5 exd5 {Pesztericz,L (2125)-Chernyshov,K (2510) Zalakaros 1995 0-1 (36)}) 7... fxe4 8. Bxe4 Nd6 9. Bc2 Qh4+ 10. g3 Qh3 11. Nf4 Rxf4 12. Bxf4 Nxc4 13. Qe2 Nxb2 14. Bxh7+ Qxh7 15. Qxb2 Nc6 16. O-O d6 17. Ne4 Ba5 18. Be3 Bb6 19. Rad1 Ne7 20. h4 Bd7 21. Ng5 Qg6 22. g4 Nd5 23. Bc1 Qf6 24. Qc2 g6 25. Rf2 Rf8 26. h5 Kg7 27. Ne4 Qf7 28. Ng5 Qf6 29. Kg2 Be8 30. Re2 Bf7 31. Rh1 Bg8 32. hxg6 Nf4+ 33. Bxf4 Qxf4 34. Rh7+ Kf6 35. Ne4+ Kxg6 36. Ng3+ Rf5 37. gxf5+ 1-0

[Event "45th FIDE Chess Olympiad Open"]
[Site "Budapest, Hungary"]
[Date "2024.09.13"]
[Round "3.76"]
[White "Kostolansky, Sebastian Lukas"]
[Black "Sanal, Vahap"]
[Result "1-0"]
[WhiteElo "2405"]
[BlackElo "2581"]
[PlyCount "101"]
[EventDate "2024.??.??"]
[WhiteTeam "Slovakia"]
[BlackTeam "Turkiye"]
[WhiteTeamCountry "SVK"]
[WhiteClock "0:05:55"]
[BlackClock "0:21:26"]

1. e4 e5 2. Nf3 Nc6 3. Bb5 Nf6 4. d3 Bc5 5. c3 O-O 6. O-O d5 7. Nbd2 dxe4 8. dxe4 Qe7 9. a4 a5 10. h3 ({RR} 10. Qc2 Nb8 11. h3 Rd8 12. Re1 h6 13. Nf1 c6 14. Bc4 Na6 15. Ne3 Bb6 16. Nf1 Bc5 17. Ne3 Bb6 18. Bf1 Nc5 19. Nc4 Bc7 20. Be3 Ncxe4 21. Bb6 Bf5 22. Bd3 Bxb6 23. Nxb6 Qc5 24. Bxe4 Bxe4 {LCZero 0.31-dag-5350a2e-BT4-6 (3631)-Stockfish dev-20240728-2343f7 (3662) tcec-chess.com INT 2024 ½-½ (39)}) 10... h6 11. Qc2 Nb8 12. Re1 Nbd7 $146 ({RR} 12... Rd8 13. Bf1 Nbd7 14. Nc4 b6 15. Rb1 Bb7 16. Bd2 Qe6 17. b4 axb4 18. cxb4 Bd4 19. a5 Rdc8 20. Nxd4 exd4 21. f3 Nh5 22. Qd3 Ng3 23. Qxd4 Nxf1 24. Rxf1 c5 25. bxc5 bxc5 26. Qc3 Ba6 27. Rfc1 {Carlsen,M (2830)-Giri,A (2745) Warsaw POL 2024 1-0 (45)}) ({RR} 12... c6 13. Bf1 Qc7 14. Nh4 Be6 15. Nc4 Nbd7 16. Nf5 Bxf5 17. exf5 e4 18. Rb1 b5 19. Ne3 bxa4 20. Qxa4 Ne5 21. Rd1 Rfd8 22. Ra1 Rxd1 23. Qxd1 Rd8 24. Qa4 Bb6 25. Be2 Nd3 26. Bxd3 Rxd3 27. Qc2 {Nepomniachtchi,I (2758)-Firouzja,A (2760) chess.com INT 2024 ½-½ (64)}) 13. Bf1 b6 14. Nc4 Bb7 15. Bd2 Rfe8 16. Rad1 Bc6 17. b3 Rad8 18. Nb2 Bb7 19. Bb5 c6 20. Bf1 Nh7 21. Nc4 Bc8 22. b4 axb4 23. cxb4 Bxb4 24. Bxb4 Qxb4 25. Nd6 Re7 26. Nf5 Ree8 27. Nd6 Re7 28. Qxc6 Nb8 29. Qc4 Qxc4 30. Nxc4 Rde8 31. Rd6 Nf6 32. Nxb6 Bb7 33. Nd5 Nxd5 34. exd5 f6 35. Bb5 Rc8 36. Nd4 Rec7 37. Ne6 Re7 38. Rd1 Ba8 39. a5 Ra7 40. a6 Kf7 41. Nd8+ Kf8 42. f4 e4 43. g4 e3 44. Re1 Nd7 45. Nb7 Nc5 46. Rc6 Rxc6 47. dxc6 Nxa6 48. Ra1 Bxb7 49. cxb7 Rxb7 50. Bxa6 Rb4 51. Rf1 1-0

[Event "45th FIDE Chess Olympiad Open"]
[Site "Budapest, Hungary"]
[Date "2024.09.13"]
[Round "3.77"]
[White "Garcia Pantoja, Roberto"]
[Black "Carlsen, Magnus"]
[Result "0-1"]
[WhiteElo "2550"]
[BlackElo "2832"]
[PlyCount "80"]
[EventDate "2024.??.??"]
[WhiteTeam "Colombia"]
[BlackTeam "Norway"]
[WhiteTeamCountry "COL"]
[BlackTeamCountry "NOR"]
[WhiteClock "0:01:34"]
[BlackClock "0:11:08"]

1. e4 c5 2. Nf3 e6 3. d4 cxd4 4. Nxd4 a6 5. c4 Nf6 6. Nc3 Qc7 7. Be2 b6 8. O-O Bb7 9. f3 Nc6 10. Nxc6 Bxc6 11. Qd3 h5 12. Be3 Bd6 13. f4 Ng4 $146 ({RR} 13... Bb4 14. e5 Ng4 15. Bd4 d6 16. Bxg4 hxg4 17. a3 dxe5 18. fxe5 Be7 19. Qe3 f5 20. Bxb6 Qb7 21. Rf2 Bh4 22. Rd2 O-O 23. Bc5 f4 24. Qd3 f3 25. g3 Rad8 26. Qc2 Bg5 27. Rxd8 Rxd8 28. Rd1 {Miranda,R (2304)-Flores,D (2547) Buenos Aires ARG 2022 ½-½ (38)}) 14. e5 Be7 15. Bd4 d6 16. exd6 Bxd6 17. Bf3 Bxf3 18. Qxf3 O-O 19. Ne4 Qxc4 20. Rad1 Be7 21. b3 Qb5 22. a4 Qb4 23. h3 Nh6 24. Bc3 Qxb3 25. Rd7 Nf5 26. Rfd1 Rad8 27. g4 Nh4 28. Qe2 Qxa4 29. R1d4 Qa3 30. Kh2 Rxd7 31. Rxd7 Rd8 32. Ra7 hxg4 33. hxg4 Ng6 34. f5 Bd6+ 35. Kg1 Qc1+ 36. Qe1 Bc5+ 37. Kg2 Nh4+ 38. Qxh4 Qg1+ 39. Kf3 Rd3+ 40. Ke2 Qd1# 0-1

[Event "45th FIDE Chess Olympiad Open"]
[Site "Budapest, Hungary"]
[Date "2024.09.13"]
[Round "3.78"]
[White "Christiansen, Johan-Sebastian"]
[Black "Cardoso Cardoso, Jose Gabriel"]
[Result "1-0"]
[WhiteElo "2661"]
[BlackElo "2508"]
[PlyCount "51"]
[EventDate "2024.??.??"]
[WhiteTeam "Norway"]
[BlackTeam "Colombia"]
[WhiteTeamCountry "NOR"]
[BlackTeamCountry "COL"]
[WhiteClock "0:02:59"]
[BlackClock "0:04:23"]

1. e4 c5 2. Nf3 d6 3. d4 cxd4 4. Nxd4 Nf6 5. Nc3 a6 6. Bg5 Nbd7 7. Bc4 Qb6 8. Qd2 Qxb2 9. Rb1 Qa3 10. O-O Qc5 ({RR} 10... e6 11. Bd5 Nc5 12. Rfe1 Qa5 13. Nb3 Nxb3 14. Rxb3 Nxd5 15. exd5 e5 16. Be3 b5 17. a4 Bd7 18. axb5 axb5 19. Nxb5 Bxb5 20. Qxa5 Rxa5 21. Bd2 Ra2 22. Rxb5 Be7 23. f4 O-O 24. Bb4 Rxc2 25. Rb7 {Negi,P (2641)-Le,Q (2714) Caleta 2012 ½-½ (34)}) 11. Bd5 e6 12. Rfe1 h6 $146 ({RR} 12... Rb8 13. Na4 Qc7 14. Rb3 Nc5 15. Rc3 Be7 16. Bb3 O-O 17. Nxc5 dxc5 18. e5 Nd5 19. Bxd5 Bxg5 20. Qxg5 exd5 21. Rg3 g6 22. Nf3 Qd8 23. Qh6 Qe7 24. h4 Bf5 25. h5 Rbe8 26. Kh2 c4 27. Ng5 {Kujawski,A (2115)-Montano Vicente,G (1786) chess.com INT 2024 ½-½ (58)}) ({RR} 12... Ne5 13. Na4 Qc7 14. Nb6 Rb8 15. f4 Be7 16. fxe5 dxe5 17. Bb3 O-O 18. Nxc8 Bc5 19. c3 Rfxc8 20. Bxf6 gxf6 21. Rbd1 exd4 22. cxd4 Bf8 23. Qf2 Bg7 24. Re3 Qa5 25. d5 Qb6 26. Rf1 Kh8 27. Kh1 {Tsydypov,Z (2460)-Yu,Y (2729) Danzhou 2016 0-1 (67)}) 13. Bh4 g5 14. Bg3 Ne5 15. Bxb7 Bxb7 16. Rxb7 Be7 17. Rd1 Bd8 18. Nde2 Bc7 19. Rb3 O-O 20. h4 Nc4 21. Qc1 Rfd8 22. hxg5 hxg5 23. e5 Nh7 24. Ne4 Qc6 25. Nf6+ Kg7 26. Nd4 1-0

[Event "45th FIDE Chess Olympiad Open"]
[Site "Budapest, Hungary"]
[Date "2024.09.13"]
[Round "3.79"]
[White "Avila Pavas, Santiago"]
[Black "Tari, Aryan"]
[Result "1/2-1/2"]
[WhiteElo "2485"]
[BlackElo "2642"]
[PlyCount "124"]
[EventDate "2024.??.??"]
[WhiteTeam "Colombia"]
[BlackTeam "Norway"]
[WhiteTeamCountry "COL"]
[BlackTeamCountry "NOR"]
[WhiteClock "0:07:20"]
[BlackClock "0:01:20"]

1. e4 c6 2. d4 d5 3. exd5 cxd5 4. c4 Nf6 5. Nc3 Nc6 6. Nf3 a6 7. h3 ({RR} 7. cxd5 Nxd5 8. Bc4 Be6 9. Bb3 Nxc3 10. bxc3 Bxb3 11. axb3 e6 12. Bg5 Be7 13. Bxe7 Qxe7 14. O-O O-O 15. Re1 Rfd8 16. Re4 Qc7 17. Qe2 h6 18. h3 b5 19. c4 bxc4 20. bxc4 a5 21. Qc2 Nb4 {Giri,A (2764)-Grischuk,A (2777) chess24.com INT 2020 ½-½ (84)}) 7... dxc4 ({RR} 7... g6 8. c5 Bg7 9. Bd3 O-O 10. O-O Nd7 11. Bc2 e6 12. Bg5 Qc7 13. Qd2 b6 14. Bf4 Qb7 15. cxb6 Qxb6 16. Rfd1 Bb7 17. Ba4 Rfc8 18. Rab1 a5 19. Nb5 Nf6 20. Ng5 h6 21. Nxf7 Ne4 22. Qe3 {Durarbayli,V (2627)-Firouzja,A (2759) chess.com INT 2024 0-1 (33)}) 8. Bxc4 e6 9. O-O $146 ({RR} 9. a3 Be7 10. O-O O-O 11. Ba2 b5 12. d5 exd5 13. Nxd5 Nxd5 14. Bxd5 Bb7 15. Bf4 Rc8 16. Ne5 Bf6 17. Re1 Bxe5 18. Bxe5 Qg5 19. f4 Qh6 20. Bd6 Rfd8 21. Bxf7+ Kh8 22. Re6 Qh4 23. Qe1 Qxe1+ {Morozevich,A (2659)-Kukhmazov,A (2498) Sochi RUS 2023 1-0 (40)}) 9... b5 10. Bb3 Na5 11. Bc2 Bb7 12. Ne5 Be7 13. Bg5 O-O 14. Qd3 g6 15. Bh6 Re8 16. a3 Rc8 17. Rfe1 Nc4 18. Bb3 Nxe5 19. Rxe5 Nd7 20. Re3 Bg5 21. Bxg5 Qxg5 22. Ne4 Qf4 23. d5 exd5 24. Bxd5 Bxd5 25. Qxd5 Nf6 26. Nxf6+ Qxf6 27. Rxe8+ Rxe8 28. Qd2 h5 29. Rd1 Kg7 30. Qc2 h4 31. Qd2 Re6 32. Qc2 a5 33. Qd2 a4 34. Qc2 Re8 35. Qd2 Re4 36. Qc2 Qe5 37. Qc3 Qxc3 38. bxc3 Re2 39. Rb1 Re5 40. Kf1 Kf6 41. Rd1 Ke6 42. Rd4 Rc5 43. Rd3 Rd5 44. Ke2 g5 45. Re3+ Kd6 46. g4 Re5 47. Rxe5 Kxe5 48. Ke3 Kd5 49. Kd3 Kc5 50. Kd2 Kd6 51. Ke2 Ke6 52. Kd2 Kd5 53. Kd3 Kc5 54. Kd2 Kc4 55. Kc2 Kc5 56. Kd2 Kd6 57. Ke2 Ke6 58. Kd2 f5 59. f3 fxg4 60. fxg4 Kd6 61. Ke2 Kc5 62. Kd2 Kd6 1/2-1/2

[Event "45th FIDE Chess Olympiad Open"]
[Site "Budapest, Hungary"]
[Date "2024.09.13"]
[Round "3.80"]
[White "Urkedal, Frode Olav Olsen"]
[Black "Valderrama Quiceno, Esteban Alb"]
[Result "1-0"]
[WhiteElo "2546"]
[BlackElo "2418"]
[PlyCount "55"]
[EventDate "2024.??.??"]
[WhiteTeam "Norway"]
[BlackTeam "Colombia"]
[WhiteTeamCountry "NOR"]
[BlackTeamCountry "COL"]
[WhiteClock "0:20:28"]
[BlackClock "0:02:43"]

1. e4 d6 2. d4 Nf6 3. Nc3 g6 4. Be3 c6 5. Nf3 Bg7 6. Qd2 O-O 7. Bh6 Bg4 8. h4 Bxf3 9. gxf3 e5 10. Bxg7 Kxg7 11. O-O-O Qe7 12. Ne2 ({RR} 12. f4 Nbd7 13. fxe5 dxe5 14. f4 exf4 15. Qxf4 c5 16. d5 Qe5 17. Qf3 a6 18. d6 Rae8 19. Bh3 b5 20. Rhe1 Rd8 21. Nd5 Qxd6 22. h5 Qe5 23. h6+ Kxh6 24. Bxd7 Nxd7 25. Rh1+ Kg7 26. Rdg1 Nf6 {Indjic,A (2610)-Bernadskiy,V (2594) Chess.com INT 2021 0-1 (57)}) 12... Nbd7 $146 ({RR} 12... c5 13. d5 Nh5 14. Bh3 Qf6 15. Rdg1 Na6 16. Kb1 h6 17. Ng3 Nxg3 18. fxg3 Qxf3 19. h5 Rh8 20. Rf1 Qxe4 21. Qf2 f5 22. hxg6 Raf8 23. Bxf5 Qxd5 24. Rd1 Qc6 25. g4 Nb8 26. Rh3 Qc7 27. Rdh1 {Anton Guijarro,D (2550)-Liu,C (2336) Maribor 2012 1-0}) 13. Ng3 Rad8 14. h5 Kh8 15. f4 Rfe8 16. f3 Nf8 17. f5 g5 18. Qxg5 N8d7 19. h6 Rg8 20. Qh4 exd4 21. Nh5 c5 22. Bb5 Rge8 23. Nxf6 Qxf6 24. Qxf6+ Nxf6 25. Bxe8 Rxe8 26. c3 d5 27. cxd4 dxe4 28. fxe4 1-0

[Event "45th FIDE Chess Olympiad Open"]
[Site "Budapest, Hungary"]
[Date "2024.09.13"]
[Round "3.81"]
[White "Navara, David"]
[Black "Rodrigue-Lemieux, Shawn"]
[Result "1-0"]
[WhiteElo "2681"]
[BlackElo "2509"]
[PlyCount "53"]
[EventDate "2024.??.??"]
[WhiteTeam "Czech Republic"]
[BlackTeam "Canada"]
[WhiteTeamCountry "CZE"]
[BlackTeamCountry "CAN"]
[WhiteClock "0:46:00"]
[BlackClock "0:00:59"]

1. e4 c6 2. d4 d5 3. e5 Bf5 4. Nf3 e6 5. Be2 c5 6. Be3 Qb6 7. Nc3 Nc6 8. Bb5 ({RR} 8. O-O Qxb2 9. Qe1 O-O-O 10. Rb1 Qxc2 11. Bb5 Bg4 12. Ng5 Nh6 13. Rc1 Qb2 14. Bxc6 bxc6 15. Na4 Qb4 16. Nxc5 Qxe1 17. Rfxe1 Bf5 18. f3 Bxc5 19. Rxc5 Kb7 20. g4 Bd3 21. Bd2 Rd7 22. Nh3 Ng8 {Kamsky,G (2725)-Morozevich,A (2771) Nice 2009 ½-½ (48)}) 8... c4 9. O-O ({RR} 9. Nh4 Bb4 10. Nxf5 exf5 11. O-O Bxc3 12. Bxc6+ Qxc6 13. bxc3 Ne7 14. Qf3 h6 15. a4 b6 16. Rfb1 O-O 17. Bc1 Rfe8 18. Ba3 g6 19. Bxe7 Rxe7 20. Rb5 Rd8 21. Rab1 Rb7 22. a5 Rdd7 23. axb6 Rxb6 {Dominguez Perez,L (2748)-Samunenkov,I (2548) chess.com INT 2024 1-0 (50)}) 9... Nge7 $146 ({RR} 9... a6 10. Bxc6+ Qxc6 11. Nh4 Ne7 12. Bg5 Bg6 13. f4 Qd7 14. g4 h6 15. Bxe7 Bxe7 16. Nxg6 fxg6 17. Qf3 O-O-O 18. Qg2 h5 19. gxh5 gxh5 20. Rf3 g5 21. fxg5 Bxg5 22. Kh1 Be7 23. Raf1 Rdg8 24. Rg3 {Naiditsch,A (2716)-Adla,D (2507) Mulhouse 2011 ½-½ (43)}) ({RR} 9... a6 10. Bxc6+ Qxc6 11. Nh4 Ne7 12. g4 Bg6 13. f4 f5 14. exf6 gxf6 15. f5 Bf7 16. fxe6 Qxe6 17. Qf3 Rg8 18. h3 h5 19. Rae1 hxg4 20. Qxf6 gxh3+ 21. Kh1 Qxf6 22. Rxf6 Rc8 23. Ref1 Rg7 24. Bh6 {Naiditsch,A (2706)-Laznicka,V (2681) Valjevo 2011 ½-½ (51)}) ({RR} 9... a6 10. Bxc6+ Qxc6 11. Ne2 Ne7 12. Ng3 Bg6 13. Nh4 Nc8 14. f4 Be7 15. Nf3 b5 16. Qd2 Nb6 17. h4 h6 18. h5 Bh7 19. Nh2 c3 20. bxc3 Nc4 21. Qe2 Be4 22. Nxe4 dxe4 23. Ng4 Rc8 24. Bf2 {Matinian,N (2495)-Rozum,I (2590) Sochi 2016 0-1 (33)}) 10. b3 a6 11. Ba4 Qa5 12. Bd2 Qd8 13. bxc4 dxc4 14. Bg5 Qa5 15. Rb1 Qxc3 16. Rxb7 Be4 17. d5 Bxd5 18. Bxe7 Qa5 19. c3 Bxe7 20. Bxc6+ Kf8 21. Bxd5 Rd8 22. Bxc4 Rxd1 23. Rxd1 g5 24. Rdd7 Bd8 25. Nd4 Kg7 26. Rxf7+ Kh6 27. Bd3 1-0

[Event "45th FIDE Chess Olympiad Open"]
[Site "Budapest, Hungary"]
[Date "2024.09.13"]
[Round "3.82"]
[White "Panjwani, Raja"]
[Black "Nguyen, Thai Dai Van"]
[Result "1/2-1/2"]
[WhiteElo "2460"]
[BlackElo "2647"]
[PlyCount "161"]
[EventDate "2024.??.??"]
[WhiteTeam "Canada"]
[BlackTeam "Czech Republic"]
[WhiteTeamCountry "CAN"]
[BlackTeamCountry "CZE"]
[WhiteClock "0:05:40"]
[BlackClock "0:02:30"]

1. Nf3 Nf6 2. c4 c6 3. Nc3 d5 4. e3 Nbd7 5. Qc2 e5 6. cxd5 Nxd5 7. d4 Nb4 8. Qd2 exd4 9. Nxd4 Nb6 10. a3 N4d5 11. Be2 $146 ({RR} 11. b4 Be7 12. Ne4 O-O 13. Be2 Re8 14. O-O Bxb4 15. axb4 Rxe4 16. Bb2 Re8 17. Rfd1 Qh4 18. b5 c5 19. Nb3 c4 20. Nc5 Bg4 21. Bxg4 Qxg4 22. Nxb7 Qd7 23. Qd4 f6 24. e4 Qxb7 25. exd5 Re5 {Kovchan,A (2596)-Matlakov,M (2707) Batumi 2018 0-1 (47)}) 11... Nxc3 12. Qxc3 Bd6 13. b3 O-O 14. Bb2 Nd5 15. Qc2 Re8 16. Bf3 Qg5 17. O-O Bd7 18. Rfd1 Rad8 19. Ne2 Bf5 20. Qc4 Nb6 21. Qc3 Be5 22. Rxd8 Qxd8 23. Qc1 Nd7 24. Nd4 Qf6 25. Ra2 Bg6 26. b4 Qd6 27. h3 Qe7 28. Ba1 Bb8 29. Rd2 Nf6 30. Nb3 Ne4 31. Bxe4 Bxe4 32. Nc5 Bd5 33. Qc3 Qg5 34. f4 Qg3 35. Re2 Qg6 36. f5 Qg3 37. e4 b6 38. Re3 Qg5 39. h4 Qh6 40. Nd7 Bf4 41. Rf3 Bd2 42. Qxg7+ Qxg7 43. Bxg7 Rxe4 44. Bd4 Re1+ 45. Rf1 Be3+ 46. Bxe3 Rxe3 47. Rf4 Rg3 48. Nf6+ Kf8 49. Rf2 Ke7 50. Nh5 Rxa3 51. Re2+ Kd6 52. Nf6 Bc4 53. Re8 Ra1+ 54. Kh2 h6 55. Ne4+ Kd5 56. Nf6+ Kd4 57. g4 Ra2+ 58. Kg3 Ra3+ 59. Kf4 Rh3 60. h5 a5 61. Re4+ Kd3 62. bxa5 bxa5 63. Nd7 Bd5 64. Ra4 Ke2 65. Rxa5 Re3 66. Nf6 Rf3+ 67. Ke5 Re3+ 68. Kd6 Kf3 69. g5 hxg5 70. h6 Kf4 71. h7 Rh3 72. Ra8 Kxf5 73. Ke7 Re3+ 74. Kf8 Rh3 75. Kg7 g4 76. h8=Q Rxh8 77. Rxh8 g3 78. Rh5+ Kf4 79. Kh6 g2 80. Rg5 Bf3 81. Nh5+ 1/2-1/2

[Event "45th FIDE Chess Olympiad Open"]
[Site "Budapest, Hungary"]
[Date "2024.09.13"]
[Round "3.83"]
[White "Zilka, Stepan"]
[Black "Thavandiran, Shiyam"]
[Result "0-1"]
[WhiteElo "2574"]
[BlackElo "2388"]
[PlyCount "62"]
[EventDate "2024.??.??"]
[WhiteTeam "Czech Republic"]
[BlackTeam "Canada"]
[WhiteTeamCountry "CZE"]
[BlackTeamCountry "CAN"]
[WhiteClock "0:12:20"]
[BlackClock "0:08:51"]

1. e4 e6 2. d4 d5 3. Nc3 Nf6 4. Bg5 dxe4 5. Nxe4 Be7 6. Nxf6+ Bxf6 7. Bxf6 Qxf6 8. Nf3 O-O 9. Qd3 Bd7 10. O-O-O Rd8 11. Qe3 Nc6 12. Kb1 ({RR} 12. c3 Ne7 13. Qe5 Ba4 14. Re1 Qg6 15. b3 Be8 16. Qg5 Nd5 17. Qxg6 hxg6 18. Kb2 Rac8 19. Bc4 c5 20. dxc5 Rxc5 21. Re5 b5 22. Bxd5 Rcxd5 23. Rxd5 Rxd5 24. c4 bxc4 25. bxc4 Rf5 26. Rd1 Kf8 {Van Foreest,J (2682)-Firouzja,A (2759) Wijk aan Zee NED 2024 0-1 (37)}) 12... Nb4 13. a3 $146 ({RR} 13. Ne5 Bc6 14. a3 Nd5 15. Qg3 h5 16. Be2 Nf4 17. Bf3 Bd5 18. Rhe1 Qf5 19. Re3 Rd6 20. h4 Rad8 21. Rde1 Bxf3 22. Rxf3 Rxd4 23. Nd3 Qa5 24. Re5 Qxe5 25. Nxe5 Rd1+ 26. Ka2 Ne2 27. Qg5 Nc1+ {Zemlyanskii,I (2530)-Manelyuk,D (2267) Yekaterinburg RUS 2024 ½-½ (31)}) 13... Nd5 14. Qe1 c5 15. dxc5 Rac8 16. Bc4 Rxc5 17. Bxd5 exd5 18. Nd4 Bf5 19. Qe3 Rdc8 20. Rd2 Rc4 21. Re1 h6 22. Ree2 Bg6 23. f3 Qa6 24. g4 b5 25. h4 Kh8 26. h5 Bh7 27. Qe7 b4 28. Qxf7 bxa3 29. b3 Rxd4 30. Re8+ Rxe8 31. Qxe8+ Bg8 0-1